| 000 | 00403nam a2200181Ia 4500 | ||
|---|---|---|---|
| 005 | 20260414124750.0 | ||
| 020 | _a9780323476683 | ||
| 050 | _aRB 120 .G65/ | ||
| 100 | _aEdited by Edward F. Goljan | ||
| 245 | 0 | _aRapid review pathology | |
| 250 | _a45h ed. | ||
| 260 | _aPhiladelphia | ||
| 260 | _bElsevier | ||
| 260 | _c2019 | ||
| 300 | _a771 p | ||
| 650 | _a Pathology | ||
| 942 |
_cBK _2lcc |
||
| 999 |
_c44301 _d44301 |
||